LIBRARY ONLINE CATALOGUE

Introduction to law : (Record no. 12167)

MARC details
000 -LEADER
fixed length control field 00614cam a22002052 4500
001 - CONTROL NUMBER
control field 0000020892
005 - DATE AND TIME OF LATEST TRANSACTION
control field 20151217155230.0
008 - FIXED-LENGTH DATA ELEMENTS--GENERAL INFORMATION
fixed length control field 111028s xx 000 0 eng d
020 ## - INTERNATIONAL STANDARD BOOK NUMBER
International Standard Book Number 9966055673 :
040 ## - CATALOGING SOURCE
Original cataloging agency KABU
Transcribing agency KABU
100 1# - MAIN ENTRY--PERSONAL NAME
Personal name Peter, M.
-- 0000181550
245 10 - TITLE STATEMENT
Title Introduction to law :
Remainder of title questions & answers /
Statement of responsibility, etc. M. Peter.
250 ## - EDITION STATEMENT
Edition statement 1st ed.
260 ## - PUBLICATION, DISTRIBUTION, ETC. (IMPRINT)
Place of publication, distribution, etc. Nairobi :
Name of publisher, distributor, etc. Pilot Publishers,
Date of publication, distribution, etc. 2010.
300 ## - PHYSICAL DESCRIPTION
Extent xiii, 310 p.
650 #0 - SUBJECT ADDED ENTRY--TOPICAL TERM
Topical term or geographic name as entry element Law
Geographic subdivision Kenya.
General subdivision Examinations, questions, etc.
-- 0000153412
852 1# - LOCATION
-- p750 KES
908 ## - PUT COMMAND PARAMETER (RLIN)
Put command parameter 111028
950 ## - LOCAL HOLDINGS (RLIN)
-- 1
Holdings
Withdrawn status Lost status Source of classification or shelving scheme Not for loan Home library Current library Date acquired Total Checkouts Total Renewals Full call number Barcode Date last seen Date last checked out Price effective from Koha item type
    Library of Congress Classification   Kabarak, Main Campus Kabarak, Main Campus 17/12/2015 24 2 KSK70 .P48 2010 c. 1 19702 01/07/2019 25/06/2019 17/12/2015 General Collection